[Event "Bad. Jug-EM 2018 U14"]
[Site "Karlsruhe-Durlach"]
[Date "2018.01.02"]
[Round "1.1"]
[White "Spillner, Ladis"]
[Black "Dobrikov, Marco"]
[Result "0-1"]
[WhiteElo "1413"]
[BlackElo "2042"]
[PlyCount "120"]
[EventDate "2018.??.??"]
[WhiteTeam "FSF 1887 Zähringen"]
[BlackTeam "SV Hockenheim"]

1. e4 c5 2. Nf3 d6 3. g3 g6 4. Bg2 Bg7 5. c3 Nf6 6. d3 O-O 7. O-O Nc6 8. Nh4
Rb8 9. f4 Qc7 10. h3 e5 11. f5 Qd8 12. Bg5 Ne7 13. fxg6 fxg6 14. Nd2 Be6 15.
Nhf3 Qd7 16. Kh2 Nc6 17. Be3 Kh8 18. Ng5 Bg8 19. a3 b6 20. Qe2 Ne7 21. Ngf3 h6
22. Rae1 Rbd8 23. c4 Be6 24. Nb1 b5 25. cxb5 Qxb5 26. Nc3 Qa6 27. Qd2 Kh7 28.
g4 Nd7 29. Ra1 Nc6 30. Nd5 Rc8 31. b4 Nd4 32. Nxd4 exd4 33. Bf4 Bxd5 34. exd5
Be5 35. Bxe5 Nxe5 36. bxc5 dxc5 37. Rxf8 Rxf8 38. Qe2 Qd6 39. Kh1 Rf7 40. Re1
Re7 41. Be4 Kg7 42. Qf1 Nd7 43. Qf3 Rf7 44. Qe2 Nf6 45. Rf1 Rd7 46. Qf3 Nxd5
47. Bxd5 Qxd5 48. Qxd5 Rxd5 49. Kg2 Re5 50. Rc1 Kf6 51. Rf1+ Ke7 52. Rc1 Kd6
53. Rf1 Kd5 54. Rf6 Re6 55. Rf8 c4 56. Rd8+ Kc5 57. Rc8+ Rc6 58. Rxc6+ Kxc6 59.
dxc4 Kc5 60. Kf3 Kxc4 0-1

[Event "Bad. Jug-EM 2018 U14"]
[Site "Karlsruhe-Durlach"]
[Date "2018.01.02"]
[Round "1.2"]
[White "Wu, Leon"]
[Black "Schmitt, Daniel"]
[Result "1-0"]
[WhiteElo "1984"]
[BlackElo "1371"]
[PlyCount "33"]
[EventDate "2018.??.??"]
[WhiteTeam "SK Mannheim-Lindenhof"]
[BlackTeam "SK Ottenau"]

1. e4 e5 2. Nf3 Nc6 3. Bb5 a6 4. Ba4 Nf6 5. O-O Be7 6. Re1 b5 7. Bb3 O-O 8. c3
d5 9. exd5 Nxd5 10. Nxe5 Nxe5 11. Rxe5 Nf6 12. d4 Bd6 13. Re1 Ng4 14. h3 Nxf2
15. Qf3 Qh4 16. Qxf2 Bg3 17. Qxf7+ 1-0

[Event "Bad. Jug-EM 2018 U14"]
[Site "Karlsruhe-Durlach"]
[Date "2018.01.02"]
[Round "1.3"]
[White "Kuschminder, Paul"]
[Black "Wu, Luka"]
[Result "0-1"]
[WhiteElo "1359"]
[BlackElo "1953"]
[PlyCount "154"]
[EventDate "2018.??.??"]
[WhiteTeam "SK Gaienhofen"]
[BlackTeam "SK Mannheim-Lindenhof"]

1. Nf3 d5 2. d4 c6 3. e3 Nf6 4. Bd3 Nbd7 5. Nbd2 g6 6. b3 Bg7 7. Bb2 O-O 8. O-O
Re8 9. h3 Nh5 10. Re1 f5 11. c4 e5 12. dxe5 Nxe5 13. Nxe5 Bxe5 14. Bxe5 Rxe5
15. Nf3 Re8 16. Qd2 Be6 17. Rac1 Bf7 18. Red1 Qe7 19. cxd5 Bxd5 20. Bc4 Rad8
21. Bxd5+ Rxd5 22. Qe2 Nf6 23. Rxd5 Nxd5 24. Qd2 Rd8 25. Rd1 Rd7 26. Qe1 Qf6
27. Qd2 a6 28. Qd4 Qf7 29. Ne5 Qe6 30. Nxd7 Qxd7 31. Kf1 Qe7 32. Qd2 Qe5 33.
Kg1 Qe7 34. Re1 Nf6 35. Rd1 Nd5 36. Qd4 h6 37. g4 Kh7 38. gxf5 gxf5 39. Kf1 Qe6
40. Re1 Nf6 41. Qc4 Qd7 42. Qc2 Qe6 43. Rd1 Nd5 44. Qe2 Nc3 45. Qc2 Nxd1 46.
Qxd1 Qe7 47. Qc2 Qd7 48. Kg2 Kg6 49. Qc4 Kf6 50. Qh4+ Kg7 51. Qg3+ Kf7 52. Qf4
Qd5+ 53. Kg3 Kg6 54. Qf3 Qe6 55. Kg2 b5 56. Qg3+ Kf6 57. Qc7 Qe4+ 58. Kh2 Qe5+
59. Qxe5+ Kxe5 60. Kg3 c5 61. Kf3 c4 62. bxc4 bxc4 63. Ke2 h5 64. f3 h4 65. Kd2
f4 66. e4 Kd4 67. Kc2 Ke3 68. e5 Kxf3 69. e6 Kg2 70. e7 f3 71. e8=Q f2 72. Qe2
Kg1 73. Qd1+ f1=Q 74. Qxf1+ Kxf1 75. Kc3 Kg2 76. Kxc4 Kxh3 77. Kd3 Kg2 0-1

[Event "Bad. Jug-EM 2018 U14"]
[Site "Karlsruhe-Durlach"]
[Date "2018.01.02"]
[Round "1.4"]
[White "Koll, Linus"]
[Black "Rögner, Lars"]
[Result "1-0"]
[WhiteElo "1856"]
[BlackElo "1243"]
[PlyCount "55"]
[EventDate "2018.??.??"]
[WhiteTeam "Karlsruher SF"]
[BlackTeam "BG Buchen"]

1. e4 e5 2. Nf3 Nc6 3. Bc4 Bc5 4. c3 Nf6 5. d3 d6 6. O-O O-O 7. Bb3 Re8 8. Be3
Bb6 9. Nbd2 Bd7 10. Re1 h6 11. Nf1 Bg4 12. h3 Bh5 13. Ng3 Ne7 14. Nxh5 Nxh5 15.
Nxe5 dxe5 16. Qxh5 Ng6 17. Qxg6 Qf6 18. Qxf6 gxf6 19. Bxh6 Rad8 20. Rad1 Rd7
21. Be3 Bxe3 22. Rxe3 Red8 23. Kf1 Kg7 24. Ke2 c5 25. Bd5 b6 26. Rg3+ Kf8 27.
h4 Ke7 28. Rg7 1-0

[Event "Bad. Jug-EM 2018 U14"]
[Site "Karlsruhe-Durlach"]
[Date "2018.01.02"]
[Round "1.5"]
[White "Wehrle, Maximilian"]
[Black "Do, Nam"]
[Result "0-1"]
[WhiteElo "1212"]
[BlackElo "1823"]
[PlyCount "92"]
[EventDate "2018.??.??"]
[WhiteTeam "SC Brombach"]
[BlackTeam "SK Sandhausen"]

1. e4 e5 2. Nf3 Nc6 3. Nc3 Bc5 4. Nxe5 Nxe5 5. d4 Bd6 6. dxe5 Bxe5 7. Bc4 d6 8.
O-O Be6 9. Bxe6 fxe6 10. f4 Bxc3 11. bxc3 Nf6 12. Qe2 O-O 13. Ba3 Qd7 14. Qd3
Rad8 15. c4 Rfe8 16. Rad1 e5 17. f5 Qc6 18. Rfe1 Kh8 19. h3 Rd7 20. Kh1 Rf7 21.
Re3 b6 22. Qe2 Ref8 23. g4 Ng8 24. g5 Rxf5 25. h4 Rf4 26. h5 Qd7 27. Rg3 Qe6
28. Bc1 Rf2 29. Qd3 Qf7 30. h6 Qh5+ 31. Rh3 Qg6 32. hxg7+ Qxg7 33. Rg1 Qg6 34.
Bd2 a6 35. a4 a5 36. c3 R8f7 37. Rhg3 Re7 38. Rh3 c6 39. Rh4 Rg7 40. Rh3 Qe6
41. Rhg3 Ne7 42. Qe3 Rf4 43. Qxb6 Rh4+ 44. Kg2 Qxc4 45. Qf2 Ng6 46. Rb1 Qxe4+
0-1

[Event "Bad. Jug-EM 2018 U14"]
[Site "Karlsruhe-Durlach"]
[Date "2018.01.02"]
[Round "1.6"]
[White "Hardt, Anton"]
[Black "Lohrmann, Linus"]
[Result "1-0"]
[WhiteElo "1723"]
[BlackElo "1151"]
[PlyCount "55"]
[EventDate "2018.??.??"]
[WhiteTeam "SK Mannheim-Lindenhof"]
[BlackTeam "SC Waldkirch"]

1. e4 e5 2. Nf3 Nc6 3. Bb5 a6 4. Ba4 Bc5 5. O-O Nf6 6. c3 O-O 7. d4 exd4 8.
cxd4 b5 9. Bb3 Bb6 10. d5 Na5 11. Bc2 Qe7 12. e5 Ng4 13. Ng5 d6 14. e6 fxe6 15.
Qxg4 exd5 16. Bxh7+ Kh8 17. Qh5 Bxf2+ 18. Kh1 Qxg5 19. Bxg5 Bg4 20. Qxg4 Kxh7
21. Rxf2 Rae8 22. Qh5+ Kg8 23. Rxf8+ Kxf8 24. Nc3 b4 25. Rf1+ Kg8 26. Qxe8+ Kh7
27. Rf3 g6 28. Rf7# 1-0

[Event "Bad. Jug-EM 2018 U14"]
[Site "Karlsruhe-Durlach"]
[Date "2018.01.02"]
[Round "1.7"]
[White "Ruf, David"]
[Black "Kokowski, Kevin"]
[Result "0-1"]
[WhiteElo "1143"]
[BlackElo "1525"]
[PlyCount "100"]
[EventDate "2018.??.??"]
[WhiteTeam "SC Ersingen"]
[BlackTeam "SV Walldorf"]

1. d4 d5 2. c4 e6 3. e3 Nf6 4. Nf3 Nc6 5. Bd3 Bb4+ 6. Nc3 b6 7. a3 Bxc3+ 8.
bxc3 O-O 9. O-O Na5 10. cxd5 exd5 11. Ne5 Qd6 12. f4 Nc6 13. Qe1 Ne4 14. Nxc6
Qxc6 15. Bb2 Qg6 16. Rf3 Re8 17. Rg3 Qh6 18. Bxe4 Rxe4 19. Rc1 Ba6 20. Qf2 Rae8
21. Re1 R8e7 22. Rg5 Bc4 23. Qg3 f6 24. Rg4 f5 25. Rg5 Qf6 26. Bc1 g6 27. h4
Bb5 28. h5 Rg7 29. hxg6 h6 30. Rh5 Rxg6 31. Qh3 Kh7 32. Rxf5 Qe6 33. Qh5 Qg8
34. Qh2 Bd7 35. Rh5 Bg4 36. Rh4 Bf3 37. Kf1 Bxg2+ 38. Kf2 Re7 39. Ke2 Be4 40.
Kd1 Bf3+ 41. Re2 Bxe2+ 42. Kc2 Bd1+ 43. Kb1 Rc6 44. Kb2 Rg7 45. Qh3 Bg4 46. Qf1
b5 47. Qd3+ Kh8 48. Ka2 b4 49. cxb4 Qh7 50. Qb3 Rxc1 0-1

[Event "Bad. Jug-EM 2018 U14"]
[Site "Karlsruhe-Durlach"]
[Date "2018.01.02"]
[Round "1.8"]
[White "Lauterbach, Kolja"]
[Black "Wunsch, Louis"]
[Result "0-1"]
[WhiteElo "1517"]
[BlackElo "1007"]
[PlyCount "102"]
[EventDate "2018.??.??"]
[WhiteTeam "FSF 1887 Zähringen"]
[BlackTeam "SG Kuppenheim"]

1. e4 c6 2. c4 e5 3. Nf3 d6 4. d4 Nf6 5. dxe5 Nxe4 6. Bd3 Bf5 7. O-O d5 8. cxd5
cxd5 9. Nd4 Bg6 10. f4 Bc5 11. Be3 Nc6 12. Bb5 O-O 13. Bxc6 bxc6 14. f5 Qb6 15.
Nc3 Bh5 16. Qxh5 Bxd4 17. Bxd4 Qxd4+ 18. Kh1 Nxc3 19. bxc3 Qxe5 20. Rf3 Rae8
21. Raf1 f6 22. Rh3 h6 23. Qg6 Qe2 24. Kg1 Re4 25. Rf2 Qd1+ 26. Rf1 Re1 27.
Rhf3 Rb8 28. Qg3 Rb1 29. Rxe1 Qxe1+ 30. Qxe1 Rxe1+ 31. Kf2 Re5 32. g4 Kf7 33.
Rd3 g6 34. fxg6+ Kxg6 35. Rd2 f5 36. gxf5+ Kxf5 37. Rb2 c5 38. Rb7 a5 39. Rb6
h5 40. Rd6 Kf4 41. Ra6 d4 42. Rxa5 d3 43. Ra8 Re2+ 44. Kf1 Kf3 45. Rf8+ Ke3 46.
Rf5 Rxh2 47. Re5+ Kf3 48. Rf5+ Ke4 49. Rxc5 d2 50. Rc4+ Kd3 51. Rc8 d1=R# 0-1

[Event "Bad. Jug-EM 2018 U16"]
[Site "Karlsruhe-Durlach"]
[Date "2018.01.02"]
[Round "1.1"]
[White "Wellenreich, Tim"]
[Black "Färber, David"]
[Result "0-1"]
[WhiteElo "1626"]
[BlackElo "2155"]
[PlyCount "74"]
[EventDate "2018.??.??"]
[WhiteTeam "SSV Bruchsal"]
[BlackTeam "SV Walldorf"]

1. e4 c5 2. Nc3 Nc6 3. f4 g6 4. Nf3 Bg7 5. Bc4 e6 6. d3 Nge7 7. Bd2 d5 8. Bb3
a6 9. a3 b5 10. Rb1 Bb7 11. e5 Qb6 12. Ne2 c4 13. Ba2 Nf5 14. Bc1 f6 15. d4
fxe5 16. fxe5 O-O 17. c3 Rf7 18. h4 h6 19. Nf4 Nce7 20. Rh3 Raf8 21. g4 Nxh4
22. Nxh4 g5 23. Nhg2 gxf4 24. Rf3 Ng6 25. Ra1 Nxe5 26. Rxf4 Nd3+ 27. Ke2 Nxf4+
28. Bxf4 Rxf4 29. Nxf4 Rxf4 30. Qg1 Qd8 31. Rf1 Qf6 32. Rxf4 Qxf4 33. Bb1 Bc8
34. Bc2 e5 35. Bf5 Bxf5 36. gxf5 Qxf5 37. Qg2 Qc2+ 0-1

[Event "Bad. Jug-EM 2018 U16"]
[Site "Karlsruhe-Durlach"]
[Date "2018.01.02"]
[Round "1.2"]
[White "Schmider, Niklas"]
[Black "Metzinger, Hannes"]
[Result "1-0"]
[WhiteElo "2128"]
[BlackElo "1574"]
[PlyCount "65"]
[EventDate "2018.??.??"]
[WhiteTeam "SK Lahr"]
[BlackTeam "SK Ottenau"]

1. e4 e5 2. Nf3 Nc6 3. Bb5 a6 4. Ba4 Nf6 5. d3 b5 6. Bb3 Be7 7. O-O O-O 8. Nc3
d6 9. a3 Be6 10. Bxe6 fxe6 11. Be3 Ng4 12. Bd2 Qd7 13. b4 Bd8 14. Qb1 Nd4 15.
Nxd4 exd4 16. Ne2 c5 17. h3 Ne5 18. f4 Ng6 19. Qa2 Kh8 20. a4 Re8 21. bxc5 dxc5
22. axb5 Qxb5 23. Rfb1 Qc6 24. Qc4 Bc7 25. Nxd4 Qd6 26. Ne2 Reb8 27. Rxb8+ Rxb8
28. Rxa6 Rb1+ 29. Kh2 Qf8 30. e5 Nxe5 31. Qe4 Ng6 32. Rxe6 Nxf4 33. Nxf4 1-0

[Event "Bad. Jug-EM 2018 U16"]
[Site "Karlsruhe-Durlach"]
[Date "2018.01.02"]
[Round "1.3"]
[White "Trunk, Mika"]
[Black "Chernykh, Arkady"]
[Result "0-1"]
[WhiteElo "1572"]
[BlackElo "2039"]
[PlyCount "76"]
[EventDate "2018.??.??"]
[WhiteTeam "BG Buchen"]
[BlackTeam "Karlsruher SF"]

1. d4 Nf6 2. c4 g6 3. Nf3 Bg7 4. Nc3 d6 5. Bf4 Nfd7 6. e3 O-O 7. Be2 e5 8. Bg5
f6 9. Bh4 c6 10. O-O g5 11. Bg3 f5 12. h3 Qe7 13. d5 c5 14. Nd2 e4 15. Qc2 Ne5
16. a3 f4 17. exf4 gxf4 18. Bh2 f3 19. gxf3 exf3 20. Bd3 Qg5+ 21. Bg3 Qh5 22.
Be4 Qxh3 23. Nxf3 Nxf3+ 24. Bxf3 Rxf3 25. Qe2 Rxg3+ 26. fxg3 Bd4+ 27. Rf2 Qxg3+
28. Kf1 Qxf2+ 29. Qxf2 Bxf2 30. Kxf2 Bg4 31. Ne4 Nd7 32. Nxd6 Rf8+ 33. Kg3 h5
34. Re1 Rf6 35. Re8+ Kg7 36. Re7+ Kg6 37. Ne8 Rf3+ 38. Kg2 Rb3 0-1

[Event "Bad. Jug-EM 2018 U16"]
[Site "Karlsruhe-Durlach"]
[Date "2018.01.02"]
[Round "1.4"]
[White "Koll, Lukas"]
[Black "Salwasser, Christian"]
[Result "1-0"]
[WhiteElo "1883"]
[BlackElo "1519"]
[PlyCount "93"]
[EventDate "2018.??.??"]
[WhiteTeam "Karlsruher SF"]
[BlackTeam "SC Rastatt"]

1. c4 c5 2. Nc3 e6 3. g3 Nf6 4. Bg2 d5 5. cxd5 exd5 6. d4 cxd4 7. Qxd4 Nc6 8.
Qd1 Bb4 9. Bd2 O-O 10. Nf3 d4 11. Nb1 d3 12. O-O dxe2 13. Qxe2 Bxd2 14. Qxd2
Bf5 15. Qf4 Bg6 16. Nc3 Qb6 17. b3 Rad8 18. Rfd1 Qa5 19. Qc4 Bc2 20. Rxd8 Rxd8
21. Rc1 Bd3 22. Qa4 Qxa4 23. Nxa4 Be2 24. Nc3 Ba6 25. a3 b6 26. b4 Bb7 27. Rc2
Rd3 28. Ne1 Rd7 29. Nb5 Rd1 30. Bxc6 Bxc6 31. Rxc6 Rxe1+ 32. Kg2 a6 33. Nd6 Nd7
34. Rc7 Re7 35. Ra7 g6 36. Rxa6 Re6 37. Nc4 Rc6 38. Ne3 Kf8 39. Kf3 Ke7 40. Ke4
f5+ 41. Kf4 Ke6 42. Ra8 b5 43. Ra5 h6 44. Rxb5 Rc3 45. Ra5 Rb3 46. Ra6+ Kf7 47.
h4 1-0

[Event "Bad. Jug-EM 2018 U16"]
[Site "Karlsruhe-Durlach"]
[Date "2018.01.02"]
[Round "1.5"]
[White "Scheid, Lennart"]
[Black "Doll, Alexander"]
[Result "0-1"]
[WhiteElo "1518"]
[BlackElo "1845"]
[PlyCount "86"]
[EventDate "2018.??.??"]
[WhiteTeam "SK Ladenburg"]
[BlackTeam "SC Untergrombach"]

1. d4 d5 2. Bf4 Nf6 3. Nf3 e6 4. e3 c5 5. c3 Nc6 6. Nbd2 Nh5 7. Be5 f6 8. Bg3
cxd4 9. exd4 Be7 10. Bd3 f5 11. Ne5 g6 12. Bb5 Bd7 13. Nxd7 Qxd7 14. Nf3 a6 15.
Ne5 Qc8 16. Bxc6+ bxc6 17. Qa4 f4 18. Qxc6+ Qxc6 19. Nxc6 fxg3 20. hxg3 Rf8 21.
g4 Nf6 22. g5 Nh5 23. g4 Nf4 24. Rxh7 Bxg5 25. Ne5 O-O-O 26. Ra7 Rh8 27. O-O-O
Nd3+ 28. Kb1 Nxe5 29. dxe5 Rh2 30. Rxa6 Rxf2 31. Rxe6 Rh8 32. Rxg6 Be3 33. Rf6
Re2 34. Rf3 Rhh2 35. Rxe3 Rxe3 36. b4 Rxe5 37. a4 Rg5 38. Rc1 Rxg4 39. Rc2 Rgg2
40. Rxg2 Rxg2 41. Ka1 Kb7 42. Kb1 Kb6 43. Ka1 Rc2 0-1

[Event "Bad. Jug-EM 2018 U16"]
[Site "Karlsruhe-Durlach"]
[Date "2018.01.02"]
[Round "1.6"]
[White "Fidlin, Simon"]
[Black "Theilig, Maximilian"]
[Result "1-0"]
[WhiteElo "1841"]
[BlackElo "1404"]
[PlyCount "71"]
[EventDate "2018.??.??"]
[WhiteTeam "Karlsruher SF"]
[BlackTeam "SC Viernheim"]

1. e4 e5 2. Nf3 Nc6 3. Bb5 d6 4. d4 exd4 5. Nxd4 Bd7 6. Bxc6 Bxc6 7. Nxc6 bxc6
8. O-O Be7 9. Nc3 Nf6 10. Re1 O-O 11. Be3 Qd7 12. Qd3 c5 13. Rad1 Rad8 14. Qa6
c6 15. Bxc5 Qc7 16. Be3 Rd7 17. Rd3 Rfd8 18. Red1 Ng4 19. Bf4 g5 20. Bg3 h5 21.
h3 Ne5 22. Bxe5 dxe5 23. Rxd7 Rxd7 24. Qe2 h4 25. Qg4 Rxd1+ 26. Nxd1 Qd6 27.
Ne3 Qf6 28. Qc8+ Kh7 29. Nf5 Bc5 30. c3 Qe6 31. Qd8 Qg6 32. b4 Bb6 33. Qe7 a5
34. a3 axb4 35. axb4 Kg8 36. Qxe5 1-0

[Event "Bad. Jug-EM 2018 U16"]
[Site "Karlsruhe-Durlach"]
[Date "2018.01.02"]
[Round "1.7"]
[White "Schwab, Norman"]
[Black "Meier, Marlon"]
[Result "0-1"]
[WhiteElo "1374"]
[BlackElo "1796"]
[PlyCount "92"]
[EventDate "2018.??.??"]
[WhiteTeam "FSF 1887 Zähringen"]
[BlackTeam "SK Gernsbach"]

1. e4 g6 2. d4 Bg7 3. Nf3 d6 4. c3 Nd7 5. Be3 Ngf6 6. Bd3 O-O 7. O-O e5 8. Re1
Re8 9. Qc2 c6 10. dxe5 Nxe5 11. Nxe5 dxe5 12. Nd2 Ng4 13. Nf1 Nxe3 14. Nxe3 Be6
15. Rad1 Qe7 16. Bc4 Rad8 17. Rxd8 Rxd8 18. Bxe6 Qxe6 19. b3 Rd7 20. Rd1 Qe8
21. g3 Qd8 22. f4 exf4 23. gxf4 Bh6 24. Rf1 Bxf4 25. Rxf4 Rd2 26. Qc1 Qd3 27.
Rf3 Qe2 28. Rh3 Qf2+ 29. Kh1 Re2 30. Qg1 Re1 31. Qxe1 Qxe1+ 32. Kg2 Qd2+ 33.
Kf3 Qxa2 34. Ng4 Kg7 35. e5 Qxb3 36. Ne3 Qxc3 37. Kg4 Qd4+ 38. Kf3 Qxe5 39. Rh6
Qf6+ 40. Ke2 Qb2+ 41. Nc2 Qxc2+ 42. Ke3 Kxh6 43. h4 Qc4 44. Kd2 Qb3 45. Ke2 Qc3
46. h5 Kxh5 0-1

[Event "Bad. Jug-EM 2018 U16"]
[Site "Karlsruhe-Durlach"]
[Date "2018.01.02"]
[Round "1.8"]
[White "Naß, Maximilian"]
[Black "Fließ, Justin"]
[Result "1-0"]
[WhiteElo "1675"]
[BlackElo "1368"]
[PlyCount "73"]
[EventDate "2018.??.??"]
[WhiteTeam "SC Ersingen"]
[BlackTeam "Neckarsteinach"]

1. e4 d6 2. d4 f5 3. exf5 Bxf5 4. Be3 Qd7 5. Ne2 Nf6 6. Ng3 g6 7. Nxf5 gxf5 8.
Bg5 Qe6+ 9. Qe2 Qxe2+ 10. Bxe2 Nbd7 11. c4 Bg7 12. Nc3 O-O-O 13. O-O-O c5 14.
Bd3 cxd4 15. Nb5 Rde8 16. Bxf5 Rhf8 17. Nxd4 Nh5 18. g4 Bxd4 19. Rxd4 e6 20.
Bxh7 Rh8 21. Bg6 Reg8 22. gxh5 Ne5 23. Rxd6 Nxg6 24. hxg6 Rxg6 25. f4 Rh3 26.
Re1 Rxh2 27. Rdxe6 Rg7 28. Re8+ Kc7 29. R8e7+ Rxe7 30. Rxe7+ Kc6 31. f5 Kc5 32.
f6 Kxc4 33. f7 Kd3 34. Rd7+ Ke4 35. f8=Q Rh1+ 36. Rd1 Rh2 37. Qf4# 1-0

[Event "Bad. Jug-EM 2018 U16"]
[Site "Karlsruhe-Durlach"]
[Date "2018.01.02"]
[Round "1.9"]
[White "Preuß, Julian"]
[Black "Schneider, Edward"]
[Result "1-0"]
[WhiteElo "1236"]
[BlackElo "1658"]
[PlyCount "47"]
[EventDate "2018.??.??"]
[WhiteTeam "SC Villingen-Schwenningen"]
[BlackTeam "SF Sasbach"]

1. d4 d5 2. c4 e6 3. Nc3 c5 4. cxd5 cxd4 5. Qxd4 Nc6 6. Qd1 exd5 7. Qxd5 Bd7 8.
Nf3 Nf6 9. Qd1 Bc5 10. e3 Qe7 11. Be2 O-O-O 12. Bd2 Rhg8 13. O-O g5 14. Rc1 Kb8
15. a3 Bb6 16. Qc2 g4 17. Ne1 h5 18. Na4 Bc7 19. Nc5 h4 20. Nxd7+ Qxd7 21. Bc3
Qe7 22. Bxf6 Qxf6 23. Nd3 Ne5 24. Qxc7+ 1-0

[Event "Bad. Jug-EM 2018 U14W"]
[Site "Karlsruhe-Durlach"]
[Date "2018.01.02"]
[Round "1.1"]
[White "Chung, Dana"]
[Black "Basovskiy, Jana"]
[Result "0-1"]
[WhiteElo "1282"]
[BlackElo "1775"]
[PlyCount "84"]
[EventDate "2018.??.??"]
[WhiteTeam "Karlsruher SF"]
[BlackTeam "SK Mannheim"]

1. d4 d5 2. c4 e6 3. Nf3 Nf6 4. Nc3 Be7 5. Bf4 O-O 6. e3 b6 7. Be2 Bb7 8. O-O
Nbd7 9. Qd2 c5 10. Rac1 Rc8 11. Rc2 cxd4 12. Nxd4 e5 13. Bg3 exd4 14. Qxd4 Bc5
15. Qd2 dxc4 16. Bxc4 Ne4 17. Nxe4 Bxe4 18. Rcc1 Nf6 19. Qe2 Qe7 20. Rfd1 Rfd8
21. a3 Ba8 22. Bd3 Re8 23. b4 Qb7 24. e4 Nxe4 25. Ba6 Nxg3 26. Qxe8+ Rxe8 27.
Bxb7 Ne2+ 28. Kf1 Bxb7 29. Rc2 Ba6 30. Rcd2 Nc3+ 31. Kg1 Nxd1 32. Rxd1 Bf8 33.
h3 Bb5 34. Rd4 Re1+ 35. Kh2 Ra1 36. Rd5 a6 37. Rd4 Rxa3 38. g3 Rb3 39. Re4 Rxb4
40. Re3 Bc5 41. Rf3 Bc6 42. Rf5 Rb1 0-1

[Event "Bad. Jug-EM 2018 U14W"]
[Site "Karlsruhe-Durlach"]
[Date "2018.01.02"]
[Round "1.2"]
[White "Schneider, Katharina"]
[Black "Wagner, Anna"]
[Result "0-1"]
[WhiteElo "1650"]
[BlackElo "1173"]
[PlyCount "114"]
[EventDate "2018.??.??"]
[WhiteTeam "SF Sasbach"]
[BlackTeam "SK Endingen"]

1. e4 e5 2. Nf3 Nc6 3. d4 d6 4. Bc4 Bg4 5. h3 Bh5 6. c3 Nf6 7. d5 Ne7 8. Nbd2
c6 9. Qb3 Qb6 10. Qa4 Bg6 11. dxc6 Nxc6 12. Bb5 Be7 13. Nc4 Qc7 14. Na5 Bxe4
15. Nxc6 Bxc6 16. O-O O-O 17. Bxc6 Qxc6 18. Qxc6 bxc6 19. Be3 c5 20. Rfd1 Rfd8
21. Nd2 Nd5 22. Nc4 Nxe3 23. Nxe3 Rd7 24. Rd5 g6 25. Rad1 Rad8 26. Nc4 f6 27.
Na5 Kf7 28. Nc6 Rc8 29. Nxe7 Kxe7 30. f3 Rb8 31. b3 a5 32. Kf2 Ra8 33. Ke3 a4
34. b4 cxb4 35. cxb4 Rb8 36. a3 Rbb7 37. Rb1 Ke6 38. Rd2 Rdc7 39. Kd3 f5 40.
Rbd1 d5 41. Ke2 Rb5 42. Ra2 e4 43. Rdd2 Ke5 44. Rac2 Rbb7 45. Ke3 f4+ 46. Ke2
e3 47. Rxc7 Rxc7 48. Rb2 d4 49. b5 Rc3 50. b6 d3+ 51. Kd1 e2+ 52. Kd2 Rc2+ 53.
Rxc2 dxc2 54. b7 e1=Q+ 55. Kxc2 Qe2+ 56. Kc3 Qb5 57. b8=Q+ Qxb8 0-1

[Event "Bad. Jug-EM 2018 U14W"]
[Site "Karlsruhe-Durlach"]
[Date "2018.01.02"]
[Round "1.3"]
[White "Varbanova, Joanna"]
[Black "Doll, Rebecca"]
[Result "1-0"]
[WhiteElo "1171"]
[BlackElo "1515"]
[PlyCount "81"]
[EventDate "2018.??.??"]
[WhiteTeam "SK Ettlingen"]
[BlackTeam "SC Untergrombach"]

1. d4 d5 2. c4 e6 3. Nc3 Nf6 4. Bg5 Nbd7 5. e3 c6 6. Bd3 Qa5 7. c5 b6 8. a3
bxc5 9. dxc5 Qxc5 10. Nf3 Be7 11. O-O O-O 12. Rc1 Qb6 13. Qc2 Bb7 14. Nd4 c5
15. Bxf6 Nxf6 16. Na4 Qd8 17. Nxc5 Bxc5 18. Qxc5 Nd7 19. Qc2 Nf6 20. Rfe1 e5
21. Nc6 Qd6 22. Bf5 g6 23. Bh3 Bc8 24. Bxc8 Rfxc8 25. Qa4 a6 26. Nb4 Rcb8 27.
Rc6 Qd8 28. Rxa6 Rxa6 29. Qxa6 Ra8 30. Qd3 e4 31. Qd4 Qd6 32. h3 Rd8 33. Rc1
Ne8 34. Rc5 Nc7 35. Rc6 Qd7 36. Qa7 Rc8 37. Qb7 Rd8 38. Rxc7 Qe6 39. Re7 Qc8
40. Rxf7 Qxb7 41. Rxb7 1-0

[Event "Bad. Jug-EM 2018 U14W"]
[Site "Karlsruhe-Durlach"]
[Date "2018.01.02"]
[Round "1.4"]
[White "Visvikis, Kassandra"]
[Black "Henninger, Claire"]
[Result "1/2-1/2"]
[WhiteElo "1510"]
[BlackElo "1142"]
[PlyCount "69"]
[EventDate "2018.??.??"]
[WhiteTeam "OSG Baden-Baden"]
[BlackTeam "SK Endingen"]

1. e4 c6 2. d4 d5 3. exd5 cxd5 4. Nf3 Nf6 5. Bd3 Nc6 6. c3 g6 7. Be3 Bg7 8.
Nbd2 O-O 9. Nf1 Nd7 10. Qd2 e5 11. dxe5 Ndxe5 12. Be2 Be6 13. Nxe5 Nxe5 14. Bh6
Nc4 15. Bxc4 dxc4 16. Bxg7 Kxg7 17. O-O-O b5 18. h4 Qxd2+ 19. Nxd2 Rfe8 20. f3
Bd5 21. Rde1 h5 22. Kd1 a5 23. Rxe8 Rxe8 24. Re1 Rxe1+ 25. Kxe1 Kf6 26. Ke2 Ke5
27. Ke3 f5 28. g3 a4 29. f4+ Kd6 30. Nf3 Bxf3 31. Kxf3 Kc5 32. Ke3 Kd5 33. a3
Kc5 34. Kf3 Kd5 35. Ke3 1/2-1/2

[Event "Bad. Jug-EM 2018 U14W"]
[Site "Karlsruhe-Durlach"]
[Date "2018.01.02"]
[Round "1.5"]
[White "Schick, Kim"]
[Black "Färber, Sophie"]
[Result "0-1"]
[WhiteElo "790"]
[BlackElo "1326"]
[PlyCount "65"]
[EventDate "2018.??.??"]
[WhiteTeam "SC Durmersheim"]
[BlackTeam "SV Walldorf"]

1. e4 e5 2. Nf3 Nc6 3. d4 exd4 4. Nxd4 Bc5 5. Nxc6 bxc6 6. Nc3 Bb4 7. Bd3 d5 8.
exd5 cxd5 9. Bd2 Nf6 10. Qe2+ Be6 11. O-O O-O 12. a3 Bc5 13. b4 Bb6 14. Na4 Re8
15. Nxb6 axb6 16. Qf3 c5 17. c3 c4 18. Bc2 h6 19. Rad1 Bg4 20. Qf4 Bxd1 21.
Bxd1 Rxa3 22. h3 Qb8 23. Qf5 Qe5 24. Qf3 Raa8 25. Re1 Ne4 26. Qe3 Qe6 27. Qf3
Nxd2 28. Rxe6 Nxf3+ 29. gxf3 Rxe6 30. Bc2 g6 31. f4 Ra2 32. f5 Rd6 33. fxg6 0-1

[Event "Bad. Jug-EM 2018 U18"]
[Site "Karlsruhe-Durlach"]
[Date "2018.01.02"]
[Round "1.1"]
[White "Esslinger, Marcel"]
[Black "Elms, Robert"]
[Result "0-1"]
[WhiteElo "1684"]
[BlackElo "1943"]
[PlyCount "80"]
[EventDate "2018.??.??"]
[WhiteTeam "SC Hornberg"]
[BlackTeam "SC Iffezheim"]

1. e4 c5 2. Nf3 Nc6 3. d4 cxd4 4. Nxd4 g6 5. Nc3 Bg7 6. Be3 Nf6 7. f3 d5 8. Bb5
Bd7 9. exd5 Nxd4 10. Bxd7+ Qxd7 11. Bxd4 O-O 12. O-O Rfd8 13. Qe2 e6 14. Bxf6
Bxf6 15. dxe6 Qxe6 16. Qxe6 fxe6 17. Rad1 Kf7 18. Kf2 Ke7 19. Ke3 Rdc8 20. Rd3
Rc7 21. Rfd1 a6 22. f4 Rac8 23. Kd2 b5 24. a3 Rc4 25. Re1 Bxc3+ 26. Rxc3 Rxc3
27. bxc3 Rc4 28. g3 Kf6 29. Kd3 Ra4 30. Ra1 Kf5 31. h3 h5 32. Ra2 h4 33. g4+
Kxf4 34. Ra1 Kg3 35. Re1 Kxh3 36. Rxe6 g5 37. Ke2 Kxg4 38. Kf2 Rxa3 39. Re3 Ra4
40. Kg2 Rc4 0-1

[Event "Bad. Jug-EM 2018 U18"]
[Site "Karlsruhe-Durlach"]
[Date "2018.01.02"]
[Round "1.2"]
[White "Schrepp, Florian"]
[Black "Bachmann, Jonas"]
[Result "1-0"]
[WhiteElo "1833"]
[BlackElo "1607"]
[PlyCount "105"]
[EventDate "2018.??.??"]
[WhiteTeam "SC Ketsch"]
[BlackTeam "SC Neumühl"]

1. e4 e5 2. Nf3 Nc6 3. Bb5 a6 4. Ba4 Nf6 5. d3 b5 6. Bb3 Be7 7. O-O O-O 8. c3
d5 9. Qe2 Bg4 10. Re1 Re8 11. Nbd2 d4 12. Nf1 Nd7 13. Bd5 Ndb8 14. h3 Be6 15.
Bxe6 fxe6 16. Ng3 Nd7 17. Nh2 Nf6 18. Ng4 Kh8 19. f4 Bc5 20. Kh2 Bd6 21. f5
exf5 22. Nxf5 Rf8 23. Bg5 Ne7 24. Bxf6 gxf6 25. Nxe7 Bxe7 26. Rf1 Qe8 27. Rf5
Qg6 28. Raf1 Kg7 29. cxd4 exd4 30. e5 Rae8 31. exf6+ Bxf6 32. Qf2 Re6 33. Nxf6
Rexf6 34. Qxd4 R8f7 35. g4 h6 36. Qe5 c6 37. g5 hxg5 38. Rxg5 Qxg5 39. Qxg5+
Rg6 40. Rxf7+ Kxf7 41. Qf5+ Rf6 42. Qd7+ Kg6 43. Kg2 Kh6 44. Qa7 Rg6+ 45. Kf2
Kh5 46. Qxa6 Kh4 47. Qc8 Rf6+ 48. Ke2 Rg6 49. Qh8+ Kg5 50. Qe5+ Kh4 51. Qf4+
Kh5 52. Kf3 Rg1 53. Qe5+ 1-0